Spain in Eurovision (1961-2025) - Statistics

General Stats
  • This quiz has been taken 13 times
  • The average score is 29 of 65
Answer Stats
Year Song title Result % Correct
2022 SloMo 3
100%
2024 Zorra 22
100%
2014 Dancing in the Rain 10
83%
2017 Do It for Your Lover 26
83%
2023 Eaea 17
83%
2025 Esa diva 24
83%
2019 La venda 22
83%
2012 Quédate conmigo 10
83%
2018 Tu canción 23
83%
2020 Universo N/A
83%
2021 Voy a quedarme 24
83%
2010 Algo pequeñito 15
67%
1972 Amanece 10
67%
2015 Amanecer 21
67%
2008 Baila el Chiki Chiki 16
67%
2006 Bloody Mary 21
67%
2013 Contigo hasta el final 25
67%
2003 Dime 8
67%
1973 Eres tú 2
67%
2002 Europe's Living a Celebration 7
67%
1968 La La La 1
67%
2009 La noche es para mí 24
67%
2011 Que me quiten lo bailao 23
67%
2016 Say Yay! 22
67%
1979 Su canción 2
67%
1995 Vuelve conmigo 2
67%
1990 Bandido 5
50%
2005 Brujería 21
50%
1982 Él 10
50%
1961 Estando contigo 9
50%
2007 I Love You Mi Vida 20
50%
2004 Para llenarme de ti 10
50%
1969 Vivo cantando 1
50%
1996 Ay, qué deseo 20
33%
1991 Bailar pegados 4
33%
1974 Canta y sé feliz 9
33%
2000 Colgado de un sueño 18
33%
2001 Dile que la quiero 6
33%
1977 Enséñame a cantar 9
33%
1970 Gwendolyne 4
33%
1985 La fiesta terminó 14
33%
1962 Llámame 13
33%
1989 Nacida para amar 6
33%
1965 Qué bueno, qué bueno 15
33%
1963 Algo prodigioso 12
17%
1978 Bailemos un vals 9
17%
1964 Caracola 12
17%
1994 Ella no es ella 18
17%
1971 En un mundo nuevo 2
17%
1967 Hablemos del amor 6
17%
1993 Hombres 11
17%
1988 La chica que yo quiero (Made in Spain) 11
17%
1984 Lady, Lady 3
17%
1999 No quiero escuchar 23
17%
1983 Quién maneja mi barca 19
17%
1997 Sin rencor 6
17%
1975 Tú volverás 10
17%
1986 Valentino 10
17%
1966 Yo soy aquél 7
17%
1987 No estás solo 19
0%
1980 Quédate esta noche 12
0%
1998 ¿Qué voy a hacer sin ti? 16
0%
1976 Sobran las palabras 16
0%
1992 Todo esto es la música 14
0%
1981 Y sólo tú 14
0%
No matching quizzes found
Score Distribution
Percent of People with Each Score
Percentile by Number Answered
Your Score History
You have not taken this quiz